000 00846nam a22002177a 4500
005 20250822140357.0
010 _aHIN-129824
020 _a9789349162884
_c175.00
035 _aHN-102170
037 _bDBAD
082 _a
100 _aप्रेमचंद
_984262
245 _aकफ़न और अन्य कहानियाँ/
_cप्रेमचंद
250 _aप्रथम
260 _aदिल्ली
_bराजपाल एण्ड सन्ज
_c2025
270 _a1590 मदरसा रोड कश्मीरी गेट दिल्ली
_bदिल्ली
_e110006
_k01123869812
_k01123865483
_k01123867791
_msales@rajpalpublishing.com
300 _a112पृ.;
_c22सेमी (अजिल्द)
700 _984244
710 _959840
942 _2ddc
_cHN
_h
_mप्रेमचं
999 _c213111
_d213111